| 000 | 01371cam a2200361 a 4500 | ||
|---|---|---|---|
| 999 |
_c331092 _d331092 |
||
| 001 | 15580170 | ||
| 003 | NUST | ||
| 005 | 20170911132305.0 | ||
| 008 | 090109s2007 pk b 000 0 urdo | ||
| 010 | _a 2008327726 | ||
| 020 | _a9789695032831 | ||
| 020 | _a9695035299 | ||
| 020 | _a9695035299 | ||
| 025 | _aP-U-2008327726 ; 20 | ||
| 040 |
_aDLC _cDLC |
||
| 042 | _alcode | ||
| 043 | _aa-pk--- | ||
| 050 | 0 | 0 |
_aDS392.M85 _bP37 2007 |
| 082 |
_a954.9145 _bPER |
||
| 100 | 1 |
_aParvez, Sajjād Ḥaidar, _d1961- _94536 |
|
| 245 | 1 | 0 |
_aMultānī : _bMultān kī tārīk̲h̲, tahzīb va s̲aqāfat / _cSajjād Ḥaidar Parvez ; mudīr Sajjād Ḥaidar. |
| 246 | 1 | 4 | _aMultān kī tārīk̲h̲, tahzīb va s̲aqāfat |
| 260 |
_aLāhore : _bal-Faiṣal ; _aIslāmābād : _bLok Virs̲ah, _c2007. |
||
| 300 |
_a282 p. ; _c22 cm. |
||
| 504 | _aIncludes bibliographical references (p. 280-282). | ||
| 520 | _aHistorical and cultural study of Multān, Pakistan from ancient times to 19th century. | ||
| 546 | _aIn Urdu. | ||
| 651 | 0 |
_aMultān District (Pakistan) _xHistory. _94537 |
|
| 651 | 0 |
_aMultān District (Pakistan) _xSocial life and customs. _94538 |
|
| 700 | 1 |
_aḤaidar, Sajjād, _d1919- _94539 |
|
| 710 | 2 |
_aNational Institute of Folk and Traditional Heritage. _94540 |
|
| 880 |
_6100-01\(3\r _aسجاد حیدر پرویز |
||
| 880 |
_6245-02\(3\r _aملتانی: _bملتان کی تاریخ، تہزیب و ثقافت |
||
| 880 |
_6260-03\(3\r _aلاہور: _bالفیصل ناشران، _c2007 |
||
| 906 |
_a7 _bcbc _corigode _d3 _encip _f20 _gy-gencatlg |
||
| 942 |
_2ddc _cBK |
||